La liste des Bleus - Euro 2016 - Statistiques

Statistiques générales
  • Ce quiz a été pris 229 fois
  • Le résultat moyen est 15 sur 23
Statistiques - réponses
Réponse % Correct
Hugo Lloris
100%
Steve Mandanda
97%
Antoine Griezmann
93%
Olivier Giroud
92%
Paul Pogba
92%
Raphaël Varane
90%
N'golo Kanté
84%
Laurent Koscielny
79%
Blaise Matuidi
78%
Dimitri Payet
77%
Benoît Costil
75%
Patrice Evra
75%
André-Pierre Gignac
70%
Bacary Sagna
68%
Kingsley Coman
68%
Moussa Sissoko
62%
Lucas Digne
57%
Yohan Cabaye
48%
Anthony Martial
42%
Christophe Jallet
35%
Eliaquim Mangala
28%
Lassana Diarra
22%
Jérémy Mathieu
18%
Aucun quiz correspondant
Distribution des résultats
% des personnes avec chaque résultat
Percentile par nombre de réponses
Votre historique - résultats
Vous n’avez pas pris ce quiz